The Teaching profession/ (Record no. 364412)
[ view plain ]
| 000 -LEADER | |
|---|---|
| fixed length control field | 00361nam a2200121Ia 4500 |
| 008 - FIXED-LENGTH DATA ELEMENTS--GENERAL INFORMATION | |
| fixed length control field | 200922s9999 xx 000 0 und d |
| 020 ## - INTERNATIONAL STANDARD BOOK NUMBER | |
| International Standard Book Number | 978-971-9676-81-2 |
| 100 ## - MAIN ENTRY--PERSONAL NAME | |
| Personal name | Jao, Avelina M. |
| 245 ## - TITLE STATEMENT | |
| Statement of responsibility, etc | Avelina M. Jao |
| Title | The Teaching profession/ |
| 260 ## - PUBLICATION, DISTRIBUTION, ETC. (IMPRINT) | |
| Place of publication, distribution, etc | Manila: |
| Name of publisher, distributor, etc | Jimczyville Publications |
| Date of publication, distribution, etc | 2017 |
| 300 ## - PHYSICAL DESCRIPTION | |
| Extent | x, 324 pages |
| Dimensions | 22 cm. |
| 650 ## - SUBJECT ADDED ENTRY--TOPICAL TERM | |
| Topical term or geographic name as entry element | Teachers Education |
| Withdrawn status | Lost status | Damaged status | Home library | Current library | Shelving location | Date acquired | Source of acquisition | Total Checkouts | Full call number | Barcode | Date last seen | Price effective from | Koha item type |
|---|---|---|---|---|---|---|---|---|---|---|---|---|---|
| College Library | College Library | Filipiniana Section | 09/22/2020 | LB 1775 .J352018 | C22498 | 09/22/2020 | 09/22/2020 | Books |